LEADER 01247nam a2200253 i 4500 001 000000044939 003 CaOOAMICUS 005 20091103000000.0 008 091103s1976 sp u000 u spa u 013 $a16109 040 $aSeMil$bita 100 1 $aTroconiz y Sasigain, Luis Maria Fernandez : de.$0(OLS)http://semarc/name/22363 245 10$aSensus fidei :$blogica connatural de la existencia cristiana : un estudio del recurso al sensus fidei en la teologia catolica de 1950 a 1970 /$cLuis M. Fz. de Troconiz y Sasigain. 260 $aVitoria :$bEd. ESET,$c1976. 300 $aXX, 126 p. ;$c24 cm. 490 0 $aVictoriensia ;$v40 500 $aCon bibliografia (pp. XI-XX). 650 4$aFede - Teologia.$0(OLS)http://semarc/subject/5358 650 4$aTeologia cattolica.$0(OLS)http://semarc/subject/2294 830 0$aVictoriensia ;$v40.$0(OLS)http://semarc/title/334 850 $aSeMil 852 $aSeMil$W1$xVenegono$y1$m2B V 119$j11094$B11094$CSeMilBibl$Z2$F11094 $81 996 $6245$aSensus fidei :$blogica connatural de la existencia cristiana : un estudio del recurso al sensus fidei en la teologia catolica de 1950 a 1970$9(OLS)http://semarc/title/66664 996 $6260$aVitoria :$bEd. ESET$9(OLS)http://semarc/publisher/29744 LEADER 01131nam a2200277 i 4500 001 000000106843 003 CaOOAMICUS 005 20020920000000.0 008 020920s2002 it u000 u ita u 013 $a79038 020 $a88-399-1188-X 040 $aSeMil$bita 100 1 $aPorcarelli, Andrea.$0(OLS)http://semarc/name/44942 245 10$aNuove religioni del continente americano /$cAndrea Porcarelli. 260 $aBrescia :$bQueriniana,$ccopyr. 2002. 300 $a224 p. ;$c19 cm. 490 0 $aPiccola biblioteca delle religioni ;$v18 500 $aContiene : Bibliografia. 650 4$aReligioni - America.$0(OLS)http://semarc/subject/18568 830 0$aPiccola biblioteca delle religioni ;$v18.$0(OLS)http://semarc/title/8176 850 $aSeMil 852 $aSeMil$W1$xVenegono$y1$m2R VII 78$j62949$B62949$CSeMilBibl$Z2$F72165 $81 961 $aRecupero: Seminario di Seveso 996 $6020$a88-399-1188-X$9(OLS)http://semarc/number/87662 996 $6245$aNuove religioni del continente americano$9(OLS)http://semarc/title/155017 996 $6260$aBrescia :$bQueriniana$9(OLS)http://semarc/publisher/29615